000
00250nam a22000977a 4500
003
SGT
245
_a
International Journal of Advanced Mechanical Engineering (IJAME)
260
_b
RIP RESEARCH INDIA PUBLICATIONS
_c
2019
300
_a
300
942
_2
ddc
_c
BV
999
_c
29079
_d
29079